书目信息 |
| 题名: |
建设工程质量纠纷实务精讲
|
|
| 作者: | 石鹏 , 俞斌 编著 | |
| 分册: | ||
| 出版信息: | 北京 中国建筑工业出版社 2024.08 |
|
| 页数: | 325页 | |
| 开本: | 26cm | |
| 丛书名: | 工程法律实务丛书 | |
| 单 册: | ||
| 中图分类: | D922.297.5 | |
| 科图分类: | ||
| 主题词: | 建筑工程--工程质量--经济纠纷--中国 | |
| 电子资源: | ||
| ISBN: | 978-7-112-29867-9 | |
| 000 | 00987nam0 2200265 450 | |
| 001 | 013124581 | |
| 005 | 20251023091951.26 | |
| 010 | @a978-7-112-29867-9@dCNY75.00 | |
| 100 | @a20240911d2024 em y0chiy0120 ea | |
| 101 | 0 | @achi |
| 102 | @aCN@b110000 | |
| 105 | @ay z 000yy | |
| 106 | @ar | |
| 200 | 1 | @a建设工程质量纠纷实务精讲@9jian she gong cheng zhi liang jiu fen shi wu jing jiang@f石鹏,俞斌编著 |
| 210 | @a北京@c中国建筑工业出版社@d2024.08 | |
| 215 | @a325页@d26cm | |
| 225 | 1 | @a工程法律实务丛书 |
| 330 | @a本书分为地基与基础、钢筋混凝土结构、钢结构、砌体结构和防水工程共5章,每章都针对实践中较常出现、较为典型的工程质量问题,引用国家(行业)规范、聚焦法律实务难点、提供相应审判案例、逐案进行点评小结。 | |
| 461 | 0 | @12001 @a工程法律实务丛书 |
| 606 | 0 | @a建筑工程@x工程质量@x经济纠纷@y中国 |
| 690 | @aD922.297.5@v5 | |
| 701 | 0 | @a石鹏@9shi peng@4编著 |
| 701 | 0 | @a俞斌@9yu bin@4编著 |
| 801 | 0 | @aCN@c20250911 |
| 905 | @a河南城建学院图书馆@dD922.297@eS532@ZS532@f1 | |
| 建设工程质量纠纷实务精讲/石鹏,俞斌编著.-北京:中国建筑工业出版社,2024.08 |
| 325页;26cm.-(工程法律实务丛书) |
| ISBN 978-7-112-29867-9:CNY75.00 |
| 本书分为地基与基础、钢筋混凝土结构、钢结构、砌体结构和防水工程共5章,每章都针对实践中较常出现、较为典型的工程质量问题,引用国家(行业)规范、聚焦法律实务难点、提供相应审判案例、逐案进行点评小结。 |
| ● |
| 相关链接 |
|
|
|
正题名:建设工程质量纠纷实务精讲
索取号:D922.297/S532
 
预约/预借
| 序号 | 登录号 | 条形码 | 馆藏地/架位号 | 状态 | 备注 |
| 1 | 1635645 | 216356459 | 社科库509/509社科库 88排6列1层/ [索取号:D922.297/S532] | 在馆 |